Estatísticas para Cultura Geral

Clique aqui para jogar o quiz

Estatísticas Gerais

  • Esse quiz foi jogado 11 vezes
  • A pontuação média é 8 de 15

Estatísticas das Respostas

HintResposta% Correto
Em que país podemos encontrar o Castelo de São Jorge?Portugal
91%
Que nome damos a um utensílio doméstico de limpeza utilizado para varrer, esfregar ou escovar superfícies?Vassoura
91%
Que nome damos ao processo de conversão de desperdício em materiais ou produtos de potencial utilidade?Reciclagem
82%
Que nome damos a uma fortificação construída na Idade Média pela nobreza?Castelo
73%
Que nome damos a um objeto feito normalmente feito de plumas, pêlos ou de materiais sintéticos embutidos em um cabo de cerca de 20 cm, que tem como objetivo retirar pó e impurezas de superfícies?Espanador
73%
Que nome damos á atividade de cultivar e manter um jardim?Jardinagem
73%
Que nome damos ao processo físico-químico celular para obtenção de glicose através de energia solar?Fotossíntese
64%
Que nome damos á prisão situada no piso inferior de um castelo?Masmorra
55%
Que nome damos a uma substância que reage com o oxigénio (comburente) liberando energia?Combustível
36%
Que nome damos ao estudo da coleta, organização, análise, interpretação e apresentação de dados?Estatística
36%
Que nome damos ao local preparado para o cultivo de plantas?Jardim
36%
Que nome damos a um aparelho ou dispositivo que transforma em corrente elétrica a energia desenvolvida numa reação química?Pilha
27%
Que nome damos á representação artística de uma ou mais pessoas?Retrato
27%
Que nome damos a uma sala na entrada de um edifício usada para controlar a circulação de pessoas no recinto?Portaria
9%
Que nome damos ao cultivo de arroz?Rizicultura
9%

Distribuição das Pontuações

Percentil de Números Respondidos

Porcentagem de Pessoas com Cada Pontuação

Sua Pontuação Histórica

Você não jogou esse quiz